00417 a2200157 4500003000400000005001700004008004100021020001800062040000900080082002000089100002500109245006000134250001200194260004300206300001000249OSt20240215155533.0240207b |||||||| |||| 00| 0 eng d a9879393016065 coclc a894.8128bSHA/N aShahid IIS, Muhammed aNingalkumavam servant of civil /c Muhammed Shahid IIS a1st ed. aKozhikode:bOlive Publications,c2022. a162p.